Which side of the road? - Statistics

General Stats
  • This quiz has been taken 131 times
  • The average score is 12 of 15
Answer Stats
Question Answer % Correct
United States Right
100%
United Kingdom Left
98%
Canada Right
98%
Japan Left
85%
Greece Right
85%
Netherlands Right
85%
Egypt Right
83%
India Left
79%
Ireland Left
79%
Nigeria Right
77%
Mozambique Left
72%
Indonesia Left
72%
Angola Right
68%
Zambia Left
62%
Suriname Left
49%
No matching quizzes found
Score Distribution
Percent of People with Each Score
Percentile by Number Answered
Your Score History
You have not taken this quiz